Rawd Al-Qirtas / (Record no. 183901)

MARC details
000 -LEADER
campo de control de longitud fija 00928nam a2200277 i 4500
001 - NÚMERO DE CONTROL
campo de control 183901
003 - IDENTIFICADOR DE NÚMERO DE CONTROL
campo de control ES-MaACL
005 - FECHA Y HORA DE LA ÚLTIMA TRANSACCIÓN
campo de control 20251003191813.0
008 - DATOS DE LONGITUD FIJA--INFORMACIÓN GENERAL
campo de control de longitud fija 141119s1964 sp |||| | spa d
080 ## - NÚMERO DE LA CLASIFICACIÓN DECIMAL UNIVERSAL
Número de la Clasificación Decimal Universal 953(093.32)
080 ## - NÚMERO DE LA CLASIFICACIÓN DECIMAL UNIVERSAL
Número de la Clasificación Decimal Universal 953(46)(093.32)
100 0# - ENTRADA PRINCIPAL--NOMBRE DE PERSONA
Nombre de persona Ibn Abi Zar', Ali b. Abd Allah.
9 (RLIN) 64996
245 10 - MENCIÓN DEL TÍTULO
Título Rawd Al-Qirtas /
Mención de responsabilidad, etc. Ibn Abi Zar' ; traducido y anotado por Ambrosio Huici Miranda.
250 ## - MENCION DE EDICION
Mención de edición 2ª ed.
260 ## - PUBLICACIÓN, DISTRIBUCIÓN, ETC.
Lugar de publicación, distribución, etc. Valencia :
Nombre del editor, distribuidor, etc. [s.n.],
Fecha de publicación, distribución, etc. 1964 (
Fabricante J. Nácher, imp.)
300 ## - DESCRIPCIÓN FÍSICA
Extensión 2 v. ;
Dimensiones 17 cm.
490 1# - MENCIÓN DE SERIE
Mención de serie Textos medievales ;
Designación de volumen o secuencia 12, 13
500 ## - NOTA GENERAL
Nota general Índices.
504 ## - NOTA DE BIBLIOGRAFÍA, ETC.
Nota de bibliografía, etc. Referencias bibliográficas.
651 #7 - PUNTO DE ACCESO ADICIONAL DE MATERIA--NOMBRE GEOGRÁFICO
Nombre geográfico Al-Andalus-
Subdivisión general Historia.
9 (RLIN) 7609
651 #7 - PUNTO DE ACCESO ADICIONAL DE MATERIA--NOMBRE GEOGRÁFICO
Nombre geográfico Marruecos-
Subdivisión general Historia-
Subdivisión cronológica 647-1516.
9 (RLIN) 155937
700 1# - ENTRADA AGREGADA--NOMBRE PERSONAL
Nombre de persona Huici Miranda, Ambrosio,
Fechas asociadas al nombre 1880-1973
9 (RLIN) 64662
830 0# - PUNTO DE ACCESO ADICIONAL DE SERIE-TÍTULO UNIFORME
Título uniforme Textos medievales ;
Designación de volumen o secuencia 12, 13
9 (RLIN) 179970
852 ## - LOCALIZACIÓN
Ubicación ES-MaACL
Número de control de estantería E-15430-31
Nota libre - enc. rúst.
Holdings
Estatus retirado Estado de pérdida Estado de daño No para préstamo Biblioteca de origen Biblioteca actual Ubicación en estantería Fecha de adquisición Fuente de adquisición Total de préstamos Signatura topográfica completa Código de barras Visto por última vez Precio de reemplazo Tipo de ítem Koha
        Biblioteca del Ateneo de Madrid Biblioteca del Ateneo de Madrid Depósito 2 19/11/2014     E-15430-31 1193374 23/02/2023 23/02/2023 Libro impreso